|
|
|
|
| LEADER |
01759nam a2200397 i 4500 |
| 001 |
33740 |
| 003 |
BD-DhAAL |
| 005 |
20180911124718.0 |
| 008 |
180911t2015 bg b bs f000 0 eng |
| 999 |
|
|
|c 40026
|d 40026
|
| 010 |
|
|
|a 2016319027
|
| 020 |
|
|
|a 9789843396044
|
| 025 |
|
|
|a B-E-2016319027; 22-92
|
| 037 |
|
|
|b Library of Congress -- New Delhi Overseas Office
|
| 040 |
|
|
|a DLC
|b eng
|e rda
|c DLC
|d DLC
|d BD-DhAAL
|
| 041 |
0 |
|
|a eng
|a ben
|
| 042 |
|
|
|a lcode
|
| 043 |
|
|
|a a-bg---
|
| 050 |
0 |
0 |
|a HB1050.6.A3
|b E38 2015
|
| 082 |
|
|
|2 19
|a 370.95492
|
| 245 |
0 |
0 |
|a Education household survey 2014 /
|c Bangladesh Bureau of Statistics(BBS), Statistics and Informatics Division(SID), Ministry of Planning
|
| 246 |
1 |
4 |
|a Report on education household survey 2014
|
| 260 |
|
|
|a Dhaka :
|b Bangladesh Bureau of Statistics, Statistics and Informatics Division, Ministry of Planning, Government of the People's Republic of Bangladesh,
|c 2015.
|
| 300 |
|
|
|a xxx, 116 pages :
|b color illustrations, color map ;
|c 28 cm.
|
| 500 |
|
|
|a Chiefly statistical tables.
|
| 504 |
|
|
|a Includes bibliographical references (page 116).
|
| 526 |
|
|
|a AAL
|
| 541 |
|
|
|a Development Book Agency
|e 33740
|
| 546 |
|
|
|a Appendix in Bengali.
|
| 650 |
|
0 |
|a Education
|z Bangladesh
|v Statistics.
|9 28084
|
| 650 |
|
0 |
|a Demographic surveys
|z Bangladesh.
|9 28085
|
| 651 |
|
0 |
|a Bangladesh
|v Statistics, Vital.
|9 28086
|
| 710 |
1 |
|
|a Bangladesh Bureau of Statistics,
|b Statistics and Informatics Division,
|b Ministry of Planning
|9 28087
|
| 852 |
|
|
|a Ayesha Abed Library
|c General Stacks
|
| 942 |
|
|
|2 ddc
|c BK
|
| 952 |
|
|
|0 0
|1 0
|2 ddc
|4 0
|6 370_954920000000000_EDU
|7 0
|9 64309
|a BRACUL
|b BRACUL
|c GEN
|d 2018-08-28
|e Development Book Agency
|g 400.00
|l 0
|o 370.95492 EDU
|p 3010033740
|r 2018-08-28
|t 1
|v 400.00
|w 2018-08-28
|y BK
|